BIBLIOTECA

SENCICO

Topografía y sistemas de información geográfica / (Registro nro. 3653)

Detalles MARC
000 -LEADER
fixed length control field 02120nam a22003017a 4500
003 - CONTROL NUMBER IDENTIFIER
control field PE SENCICO BE
005 - DATE AND TIME OF LATEST TRANSACTION
control field 20251020182621.0
008 - FIXED-LENGTH DATA ELEMENTS--GENERAL INFORMATION
fixed length control field 221128b2003 |||a|||| |||| 00| 0 eng d
017 ## - COPYRIGHT OR LEGAL DEPOSIT NUMBER
Copyright or legal deposit number M.43.162-2003
020 ## - INTERNATIONAL STANDARD BOOK NUMBER
International Standard Book Number 84-362-4828-7
040 ## - CATALOGING SOURCE
Original cataloging agency PE SENCICO BE
Transcribing agency PE SENCICO BE
041 ## - LANGUAGE CODE
Language code of text/sound track or separate title spa
082 ## - DEWEY DECIMAL CLASSIFICATION NUMBER
Classification number 526.9
Item number D74
100 1# - MAIN ENTRY--PERSONAL NAME
9 (RLIN) 134
Personal name Domínguez, Manuel
Relator term autor
245 1# - TITLE STATEMENT
Title Topografía y sistemas de información geográfica /
Statement of responsibility, etc. Manuel Domínguez, Miguel Belda
250 ## - EDITION STATEMENT
Edition statement 1a ed.
260 ## - PUBLICATION, DISTRIBUTION, ETC.
Place of publication, distribution, etc. Madrid:
Name of publisher, distributor, etc. Universidad Nacional de Educación a Distancia,
Date of publication, distribution, etc. 2003.
300 ## - PHYSICAL DESCRIPTION
Extent 447 p.:
Other physical details il. col., diagrs.,
Dimensions 24 cm.
490 ## - SERIES STATEMENT
Series statement Educación Permanante
505 0# - FORMATTED CONTENTS NOTE
Formatted contents note Sistemas de representación -- Angulos y coordenadas empleados en topografía -- Teoría de errores aplicada a la topografía -- Instrumentos topográficos auxiliares -- Instrumentos óptico-mecánico -- Instrumentos electrónicos -- Métodos planimétricos -- Métodos altimétricos -- Taquimetría -- Medida de superficies y segregaciones -- Perfiles longitudinales y transversales. Movimiento de tierras -- Replanteo -- Otras aplicaciones topográficas: proyectos de ingeniería, topografía subterránea y cartografía -- Sistemas de información geográfica -- Funcionalidad de los sistemas de información geográfica -- Fotogrametría y teledetección -- Geoposicionamiento por satélite. GPS
520 3# - SUMMARY, ETC.
Summary, etc. Trata de abordar, desde un punto de vista actual y a la vez con fines eminentemente didácticos, una materia tan antigua como es la topografía. El planteamiento básico trata de ligar esta materia, la topografía, a la situación actual en la que el técnico se apoya en todo momento en una serie de herramientas modernas, basadas en sistemas informáticos, agrupadas en el abanico de lo que dominamos sistemas de información y representación geográfica.
650 10 - SUBJECT ADDED ENTRY--TOPICAL TERM
Topical term or geographic name entry element Topografía
9 (RLIN) 4
650 20 - SUBJECT ADDED ENTRY--TOPICAL TERM
Topical term or geographic name entry element Sistemas de Información Geográfica (SIG)
9 (RLIN) 125
650 20 - SUBJECT ADDED ENTRY--TOPICAL TERM
Topical term or geographic name entry element Instrumentos de topografía
9 (RLIN) 997
700 1# - ADDED ENTRY--PERSONAL NAME
9 (RLIN) 135
Personal name Belda, Miguel
Relator term autor
910 ## - USER-OPTION DATA (OCLC)
-- hfp
-- hfp
942 ## - ADDED ENTRY ELEMENTS (KOHA)
Source of classification or shelving scheme Dewey Decimal Classification
Koha item type Libros
Classification part 526.9
Item part D74
Existencias
Fecha de la última vez que lo usaron Número de ingreso o de inventario Pago total Signatura topográfica completa Código de barras Precio efectivo desde Tipo de documento Estado perdido Sistema de clasificación Estado dañado No es para préstamo Retirado Ubicación permanente Ubicación actual Fecha de adquisición
28/11/2022 16175   526.9/D74T BibLima25070065 28/11/2022 Libros   Dewey Decimal Classification       Biblioteca Central Lima Biblioteca Central Lima 28/11/2022